UM Logo

On continuity / (Record no. 8027)

MARC details
000 -LEADER
fixed length control field 02621nam a22002177a 4500
008 - FIXED-LENGTH DATA ELEMENTS--GENERAL INFORMATION
fixed length control field 171211b xxu||||| |||| 00| 0 eng d
020 ## - INTERNATIONAL STANDARD BOOK NUMBER
International Standard Book Number 1568980280
082 ## - DEWEY DECIMAL CLASSIFICATION NUMBER
Edition number 1995
Classification number DC 720.94
Item number H11
245 ## - TITLE STATEMENT
Title On continuity /
Statement of responsibility, etc. edited by Rosamund Diamond, Wilfried Wang.
260 ## - PUBLICATION, DISTRIBUTION, ETC. (IMPRINT)
Place of publication, distribution, etc. Cambridge, Mass. :
Name of publisher, distributor, etc. 9H Publications,
Date of publication, distribution, etc. ©1995.
300 ## - PHYSICAL DESCRIPTION
Extent viii, 288 pages :
Other physical details colored illustrations ;
Dimensions 31 cm.
440 ## - SERIES STATEMENT/ADDED ENTRY--TITLE
9 (RLIN) 24748
Title 9H ; no. 9.
500 ## - GENERAL NOTE
General note Includes bibliographical references.
505 ## - FORMATTED CONTENTS NOTE
Formatted contents note Parrhasius' veil : Lewerentz' journey to Italy / Luis Moreno Mansilla -- Lilly Reich, 1885-1947 / Sonja Günther -- Six houses revisited / Arthur Rüegg -- Coloured dots on a grey background : six key buildings of modern architecture in central Europe / Adolph Stiller -- The renovation of Neubühl / Arthur Rüegg -- Hans Döllgast : an outsider of modern architecture / Winfried Nerdinger -- Hans Döllgast and the Alte Pinakothek / Erich Altenhöfer -- Cleon Crantonellis : an elusive figure / Dimitri Philipides -- On the work of Luigi Caccia Dominioni / Astrid Staufer -- The art of being Portuguese / Eduardo Souto de Moura -- The ancient and modern in the architecture of Fernando Távora / Bernardo José Ferrão -- Ernö Léstyán, transformer station, Budapest, 1966-69 / András Ferkai -- "Architecture cannot be invented" : the work of Klas Anshelm / Olle Svedberg -- Building character : modern construction beyond determinism in the work of Frank Lloyd Wright and Louis Kahn / Kevin Kieran with Larry Bowne -- Factory complex, Melsungen, by Stirling, Wilford and Nägeli / Walter Nägeli and Renzo Vallebuona -- Review of factory complex, Melsungen / Bruno Reichlin --Memory and thought : on the forest chapel, Ramingstein / Friedrich Achleitner -- The mountain chapel of Ramingstein / Friedrich Kurrent -- A pavilion for paintings of Brian Maguire / Sheila O'Donnell and John Tuomey -- Review of the Irish pavilion / Shane O'Toole -- Truck shed, Rolvsøy, and house, Oslo / Jan Olav Jensen -- Lepers' colony, Lasur, 1983-84 / Per Christian Brynhildsen and Jan Olav Jensen -- Back to basics / Ulf Gronvøld -- Review of La Congiunta di Giornico / Marcel Meili -- La Congiunta / Peter Märkli -- Points of departure : a review of the Andy Warhol Museum / Leah Kreger -- The Warhol Museum, Pittsburgh / Richard Gluckman -- Museums today / Dietmar Steiner.
650 #0 - SUBJECT ADDED ENTRY--TOPICAL TERM
9 (RLIN) 24749
Topical term or geographic name as entry element Architecture, Modern
Chronological subdivision 20th century.
650 #0 - SUBJECT ADDED ENTRY--TOPICAL TERM
9 (RLIN) 24750
Topical term or geographic name as entry element Architecture, Postmodern.
650 #0 - SUBJECT ADDED ENTRY--TOPICAL TERM
9 (RLIN) 24751
Topical term or geographic name as entry element Form (Aesthetics).
700 ## - ADDED ENTRY--PERSONAL NAME
9 (RLIN) 24752
Personal name Diamond, Rosamund,editor.
700 ## - ADDED ENTRY--PERSONAL NAME
9 (RLIN) 24753
Personal name Wang, Wilfried,editor.
942 ## - ADDED ENTRY ELEMENTS (KOHA)
Source of classification or shelving scheme Dewey Decimal Classification
Koha item type Circulation
Holdings
Withdrawn status Lost status Source of classification or shelving scheme Damaged status Not for loan Collection code Home library Current library Date acquired Source of acquisition Total Checkouts Full call number Barcode Date last seen Price effective from Koha item type
    Dewey Decimal Classification     Circulation UM Digos College - LIC UM Digos College - LIC 04/21/2006 Purchased   DC 720.94 H11 1995 18551 05/15/2025 12/11/2017 Circulation